| 000 | 01051nas a2200337 4500 | ||
|---|---|---|---|
| 001 | BR0502372 | ||
| 003 | BR-BrBNA | ||
| 005 | 20231205105349.0 | ||
| 007 | ta | ||
| 008 | 230509b bl.|||p| |||| 00| 00por d | ||
| 040 |
_aBR-BrBNA _bpor _cBiblioteca Nacional de Agricultura |
||
| 041 | _a(Pt) | ||
| 072 | _aF08; H10 | ||
| 100 | 1 | _aVieira, M.R. | |
| 100 | 1 | _aCorrêa, L. de S. | |
| 100 | 1 | _aCastro, T.M.M.G. de | |
| 100 | 1 | _aSilva, L.F.S. da | |
| 100 | 1 | _aMonteverde, M. de S. | |
| 245 | 1 | _aEfeito do cultivo do mamoeiro (Carica papaya L.)em ambiente protegido sobre a ocorrência de ácaros fitófagos e moscas-brancas | |
| 650 | _aMAMÃO | ||
| 650 | _aÁCARO BRANCO | ||
| 650 | _aÁCARO RAJADO | ||
| 650 | _aMOSCA BRANCA | ||
| 650 | _aCULTIVO PROTEGIDO | ||
| 650 | _aMOSAICO | ||
| 650 | _aPLASTICULTURA | ||
| 650 | _aMATO GROSSO DO SUL | ||
| 773 | 0 |
_tRevista Brasileira de Fruticultura (Brazil) _xISSN 0100-2945 _g(Dec 2004), v. 26(3) p. 441-445 _wBR0502372 |
|
| 909 |
_a202311 _bLúcia _c55 _dLúcia Elande |
||
| 942 |
_2AGRIS _n0 _cANA |
||
| 999 |
_c182565 _d182565 |
||